[Event "TCh-FRA Top 16 Basse 2023"]
[Site "Chartres FRA"]
[Date "2023.06.10"]
[Round "3.3"]
[Board "2"]
[White "Salles, Louis"]
[Black "Rozentalis, Eduardas"]
[Result "0-1"]
[WhiteTitle "FM"]
[BlackTitle "GM"]
[WhiteElo "2295"]
[BlackElo "2528"]
[WhiteTeam "Poitiers-Migne Echecs"]
[BlackTeam "C.E.Strasbourg"]
[WhiteFideId "20641826"]
[BlackFideId "12800023"]
[EventDate "2023.06.08"]

1. e4 e6 2. d4 d5 3. e5 c5 4. c3 Bd7 5. Nf3 Qb6 6. Bd3 cxd4 7. O-O Bb5 8. Bxb5+
Qxb5 9. cxd4 Ne7 10. Nc3 Qd7 11. Be3 Nbc6 12. Qe2 Nf5 13. Rad1 Be7 14. Bc1 h5
15. g3 O-O-O 16. h4 Kb8 17. a3 Rc8 18. Qd3 Na5 19. Nb1 Qa4 20. Bd2 Nb3 21. Bf4
Qc4 22. Qxc4 Rxc4 23. Nbd2 Nbxd4 24. Nxc4 Nxf3+ 25. Kg2 N3xh4+ 26. gxh4 Nxh4+
27. Kh3 dxc4 28. Rd4 g5 29. Rd7 Nf5 30. Bc1 Rc8 31. Bd2 g4+ 32. Kh2 Rc7 33. Rxc7
Kxc7 34. f3 g3+ 35. Kh3 Kc6 36. Rc1 Kd5 37. Bc3 h4 38. Rd1+ Kc6 39. Re1 Bc5 40.
Re4 b5 41. Rg4 Be3 42. Rg8 Ne7 43. Rd8 Nd5 44. Rd6+ Kc7 0-1

[Event "TCh-FRA Top 16 Basse 2023"]
[Site "Chartres FRA"]
[Date "2023.06.10"]
[Round "3.3"]
[Board "3"]
[White "Vitoux, Colomban"]
[Black "Tranchant, Sebastien"]
[Result "1-0"]
[WhiteTitle "IM"]
[BlackTitle "FM"]
[WhiteElo "2371"]
[BlackElo "2292"]
[WhiteTeam "C.E.Strasbourg"]
[BlackTeam "Poitiers-Migne Echecs"]
[WhiteFideId "628549"]
[BlackFideId "626732"]
[EventDate "2023.06.08"]

1. e4 c5 2. Nf3 g6 3. d4 cxd4 4. Nxd4 Nc6 5. Nc3 Bg7 6. Be3 Nf6 7. Nxc6 bxc6 8.
e5 Ng8 9. Bd4 Qa5 10. Bc4 Bxe5 11. O-O Nf6 12. Re1 d6 13. Bxe5 dxe5 14. Qe2 O-O
15. Qxe5 Qxe5 16. Rxe5 e6 17. Ra5 Rd8 18. Na4 Kf8 19. Bb3 Nd7 20. Rd1 Bb7 21. f3
Ke7 22. Kf2 Nb6 23. Rxd8 Kxd8 24. Nc5 Kc7 25. Ne4 h6 26. Ke3 Nd7 27. Bc4 f5 28.
Nc3 Kb6 29. b4 Nf6 30. Re5 Nd5+ 31. Bxd5 exd5 32. Re6 Rd8 33. Kd4 1-0

[Event "TCh-FRA Top 16 Basse 2023"]
[Site "Chartres FRA"]
[Date "2023.06.10"]
[Round "3.3"]
[Board "5"]
[White "Sharif, Mehrshad"]
[Black "Saada, Julien"]
[Result "1/2-1/2"]
[WhiteTitle "IM"]
[BlackTitle "FM"]
[WhiteElo "2330"]
[BlackElo "2245"]
[WhiteTeam "C.E.Strasbourg"]
[BlackTeam "Poitiers-Migne Echecs"]
[WhiteFideId "600121"]
[BlackFideId "625388"]
[EventDate "2023.06.08"]

1. Nf3 d5 2. g3 Bg4 3. Bg2 e6 4. O-O Nd7 5. d3 Bd6 6. c4 c6 7. cxd5 cxd5 8. e4
dxe4 9. dxe4 Ne5 10. Qa4+ Qd7 11. Qxd7+ Nxd7 12. h3 Bh5 13. Be3 Ngf6 14. Nbd2
O-O 15. g4 Bg6 16. Nh4 e5 17. Nb3 Bc7 18. Nf5 Bb6 19. Rac1 Rfd8 20. Bxb6 axb6
21. a3 1/2-1/2

[Event "TCh-FRA Top 16 Basse 2023"]
[Site "Chartres FRA"]
[Date "2023.06.10"]
[Round "3.3"]
[Board "6"]
[White "Lambert, Romain"]
[Black "Roos, Louis"]
[Result "1/2-1/2"]
[BlackTitle "IM"]
[WhiteElo "2201"]
[BlackElo "2254"]
[WhiteTeam "Poitiers-Migne Echecs"]
[BlackTeam "C.E.Strasbourg"]
[WhiteFideId "658111"]
[BlackFideId "600288"]
[EventDate "2023.06.08"]

1. d4 e6 2. c4 f5 3. g3 Nf6 4. Bg2 d5 5. Nf3 c6 6. O-O Bd6 7. Nc3 O-O 8. Qc2 Qe7
9. c5 Bc7 10. Bf4 Bxf4 11. gxf4 Ne4 12. Kh1 Rf6 13. e3 b6 14. b4 Ba6 15. Rg1 Bd3
16. Qb2 Nd7 17. Nxe4 fxe4 18. Ng5 h6 19. Nh3 Rg6 20. f3 bxc5 21. bxc5 Rb8 22.
Qd2 exf3 23. Bxf3 Rxg1+ 24. Rxg1 Bf5 25. Nf2 Nf6 26. h3 Qb7 27. Kh2 Qb2 28. Rd1
Qa3 29. Qe2 Rb2 30. Rd2 Rxd2 31. Qxd2 Bb1 32. Kg3 Bxa2 33. Nd3 Bc4 34. Ne5 Bb5
35. Kf2 Qa6 36. Qc2 Qb7 37. Qg6 a5 38. Ng4 Nxg4+ 39. Bxg4 Qe7 40. Bxe6+ Kf8 41.
Qf5+ 1/2-1/2

[Event "TCh-FRA Top 16 Basse 2023"]
[Site "Chartres FRA"]
[Date "2023.06.10"]
[Round "3.3"]
[Board "7"]
[White "Roos, Jean-Luc"]
[Black "Ladrat, Matthieu"]
[Result "1-0"]
[WhiteTitle "IM"]
[WhiteElo "2184"]
[BlackElo "2161"]
[WhiteTeam "C.E.Strasbourg"]
[BlackTeam "Poitiers-Migne Echecs"]
[WhiteFideId "600601"]
[BlackFideId "618640"]
[EventDate "2023.06.08"]

1. e4 e6 2. d4 d5 3. e5 c5 4. c3 Nc6 5. Nf3 Bd7 6. Be2 Nge7 7. Na3 cxd4 8. cxd4
Nf5 9. Nc2 Qb6 10. O-O a5 11. Kh1 Nb4 12. Nxb4 axb4 13. g4 Ne7 14. Be3 Bb5 15.
Ng1 Nc6 16. f4 Be7 17. f5 Bxe2 18. Qxe2 Na5 19. b3 Rc8 20. Qd2 h5 21. f6 gxf6
22. exf6 Bd6 23. g5 Nc6 24. Rac1 Kd7 25. Nf3 h4 26. Bf4 Qc7 27. Bxd6 Qxd6 28.
Rxc6 bxc6 29. Ne5+ Ke8 30. g6 fxg6 31. Qg5 Rc7 32. f7+ 1-0

[Event "TCh-FRA Top 16 Basse 2023"]
[Site "Chartres FRA"]
[Date "2023.06.10"]
[Round "3.3"]
[Board "8"]
[White "Leriche, Ines"]
[Black "Schmitt, Eleonore"]
[Result "1-0"]
[WhiteElo "1917"]
[BlackElo "1553"]
[WhiteTeam "Poitiers-Migne Echecs"]
[BlackTeam "C.E.Strasbourg"]
[WhiteFideId "684090"]
[BlackFideId "45151180"]
[EventDate "2023.06.08"]

1. Nf3 d5 2. g3 Nf6 3. Bg2 Bf5 4. c4 c6 5. O-O e6 6. cxd5 cxd5 7. Qb3 Qc7 8. d3
Nc6 9. Nc3 Qd7 10. Bd2 Be7 11. Rac1 O-O 12. Na4 Rac8 13. Nc5 Bxc5 14. Rxc5 Nd4
15. Nxd4 Rxc5 16. Bb4 b6 17. Bxc5 bxc5 18. Nxf5 exf5 19. Rc1 Rc8 20. Qc3 Qe6 21.
Rc2 Qa6 22. b3 h5 23. e3 Qe6 24. b4 c4 25. Bf1 Kf8 26. dxc4 dxc4 27. Bxc4 Nd5
28. Qb3 Qe4 29. Bd3 1-0

[Event "TCh-FRA Top 16 Basse 2023"]
[Site "Chartres FRA"]
[Date "2023.06.10"]
[Round "3.4"]
[Board "1"]
[White "Fedoseev, Vladimir3"]
[Black "Postny, Evgeny"]
[Result "1/2-1/2"]
[WhiteTitle "GM"]
[BlackTitle "GM"]
[WhiteElo "2676"]
[BlackElo "2549"]
[WhiteTeam "Cappelle La Grande"]
[BlackTeam "Metz Fischer"]
[WhiteFideId "24130737"]
[BlackFideId "2804344"]
[EventDate "2023.06.08"]

1. c4 e6 2. Nc3 d5 3. d4 Be7 4. cxd5 exd5 5. Bf4 c6 6. e3 Bf5 7. Bd3 Bxd3 8.
Qxd3 Nf6 9. Nge2 O-O 10. h3 Re8 11. O-O Bd6 12. Bg5 Nbd7 13. f3 h6 14. Bh4 Qe7
15. Bf2 Rad8 16. Rae1 Bb8 17. Kh1 Nf8 18. Ng3 Qc7 19. e4 dxe4 20. fxe4 Ng6 21.
Qc4 b5 22. Qc5 Nf4 23. Qf5 Nd3 24. e5 Nxe1 25. exf6 b4 26. Qg4 g6 27. Nce4 Nd3
28. Bg1 Nf4 29. Qh4 h5 30. Qg5 Ne6 31. Qd2 Rd5 32. Ne2 Kh7 33. Qxb4 Ng5 34.
Nxg5+ Rxg5 35. Qd2 Rd5 36. Nc3 Rdd8 37. Rf3 Qd6 38. g4 Qe6 39. Qg5 Rh8 40. Re3
Qd6 41. Re7 Kg8 42. Ne4 Qd5 43. Qxd5 cxd5 44. Ng5 Rf8 45. Kg2 hxg4 46. hxg4 Rh4
47. Kf3 Rh1 48. Kg2 Rh4 49. Kf3 Rh1 50. Kg2 1/2-1/2

[Event "TCh-FRA Top 16 Basse 2023"]
[Site "Chartres FRA"]
[Date "2023.06.10"]
[Round "3.4"]
[Board "2"]
[White "Ganguly, Surya Shekhar"]
[Black "Dardha, Daniel"]
[Result "1/2-1/2"]
[WhiteTitle "GM"]
[BlackTitle "GM"]
[WhiteElo "2587"]
[BlackElo "2619"]
[WhiteTeam "Metz Fischer"]
[BlackTeam "Cappelle La Grande"]
[WhiteFideId "5002150"]
[BlackFideId "240990"]
[EventDate "2023.06.08"]

1. c4 e6 2. Nc3 d5 3. d4 Nf6 4. cxd5 Nxd5 5. e4 Nxc3 6. bxc3 c5 7. Rb1 Be7 8.
Bc4 O-O 9. Ne2 a6 10. a4 Nc6 11. O-O Bd7 12. d5 Na5 13. dxe6 Bxe6 14. Bxe6 fxe6
15. Qc2 Qc7 16. c4 Rad8 17. Be3 Nc6 18. Rfd1 Nb4 19. Qb3 Rxd1+ 20. Rxd1 Rd8 21.
Nf4 Kf7 22. Bc1 Qe5 23. Rxd8 Bxd8 24. Qf3 Kg8 25. g3 Bf6 26. Kg2 Nc2 27. Qe2 Nd4
28. Qd3 b5 29. axb5 axb5 30. cxb5 c4 31. Qb1 Nxb5 32. f3 Kf7 33. Qb4 g5 34. Nh5
Qc3 35. Qxb5 Qxc1 36. Nxf6 Kxf6 37. Qc5 h5 38. Qf8+ Ke5 39. Qc5+ Kf6 40. Qf8+
Ke5 41. Qc5+ 1/2-1/2

[Event "TCh-FRA Top 16 Basse 2023"]
[Site "Chartres FRA"]
[Date "2023.06.10"]
[Round "3.4"]
[Board "3"]
[White "Enchev, Ivajlo"]
[Black "Bailet, Pierre"]
[Result "1/2-1/2"]
[WhiteTitle "GM"]
[BlackTitle "GM"]
[WhiteElo "2437"]
[BlackElo "2513"]
[WhiteTeam "Cappelle La Grande"]
[BlackTeam "Metz Fischer"]
[WhiteFideId "2907712"]
[BlackFideId "655830"]
[EventDate "2023.06.08"]

1. d4 Nf6 2. c4 e6 3. Nf3 b6 4. g3 Bb7 5. Bg2 Bb4+ 6. Bd2 Bxd2+ 7. Qxd2 O-O 8.
Nc3 d6 9. O-O Ne4 10. Nxe4 Bxe4 11. Qf4 Bb7 12. Rfd1 Nd7 13. h4 Qe7 14. Rd2 Rad8
15. Rad1 a5 16. Ne1 Bxg2 17. Nxg2 Rfe8 18. Ne3 Nf6 19. Qf3 h5 20. Qc6 g6 21. b3
Kg7 22. Rd3 Qd7 23. Qxd7 1/2-1/2

[Event "TCh-FRA Top 16 Basse 2023"]
[Site "Chartres FRA"]
[Date "2023.06.10"]
[Round "3.4"]
[Board "4"]
[White "Visakh, N R"]
[Black "Edouard, Romain"]
[Result "1/2-1/2"]
[WhiteTitle "GM"]
[BlackTitle "GM"]
[WhiteElo "2542"]
[BlackElo "2527"]
[WhiteTeam "Metz Fischer"]
[BlackTeam "Cappelle La Grande"]
[WhiteFideId "25012223"]
[BlackFideId "633429"]
[EventDate "2023.06.08"]

1. e4 e6 2. d4 d5 3. e5 c5 4. c3 Nc6 5. Nf3 Bd7 6. Be2 f6 7. O-O fxe5 8. dxe5
Nh6 9. c4 d4 10. Re1 Nf7 11. Bd3 Be7 12. Bf4 g5 13. Bg3 g4 14. Nfd2 h5 15. Bg6
Rh6 16. Bxf7+ Kxf7 17. Ne4 Qg8 18. Bf4 Rh8 19. Nbd2 Qg6 20. g3 h4 21. f3 Rag8
22. fxg4 hxg3 23. Bxg3 Qxg4 24. Rf1+ Ke8 25. Nf6+ Bxf6 26. exf6 Nd8 27. Qxg4 1/2-1/2

[Event "TCh-FRA Top 16 Basse 2023"]
[Site "Chartres FRA"]
[Date "2023.06.10"]
[Round "3.4"]
[Board "5"]
[White "Jossien, Remy"]
[Black "Lazarev, Vladimir"]
[Result "1/2-1/2"]
[BlackTitle "GM"]
[WhiteElo "2231"]
[BlackElo "2496"]
[WhiteTeam "Cappelle La Grande"]
[BlackTeam "Metz Fischer"]
[WhiteFideId "620238"]
[BlackFideId "4113250"]
[EventDate "2023.06.08"]

1. e4 c5 2. Nf3 Nc6 3. d4 cxd4 4. Nxd4 Qc7 5. Nc3 e6 6. g3 a6 7. Bg2 Nf6 8. O-O
d6 9. Nxc6 bxc6 10. Na4 Bb7 11. c4 c5 12. Re1 Nd7 13. b3 Be7 14. Bb2 O-O 15. Qd2
Rad8 16. Bc3 Rc8 17. Rad1 Bc6 18. Nb2 Qb7 19. f4 Rfd8 20. Ba5 Nb6 21. Nd3 Rd7
22. Qe2 Bf8 23. Rd2 g6 24. Red1 Qa7 25. Qe3 Bg7 26. e5 Bxg2 27. Kxg2 d5 28. Bxb6
Qxb6 29. Nf2 Qc6 30. cxd5 exd5 31. Ne4 a5 32. Nd6 d4+ 33. Qf3 Qxf3+ 34. Kxf3 Rc6
35. Ne4 a4 36. Rc1 axb3 37. axb3 Rdc7 38. Rdc2 Bf8 39. Rc4 Ra7 40. Nxc5 Ra3 41.
Nd3 Rxc4 42. Rxc4 Rxb3 43. Rxd4 h5 44. Rd7 Rb6 45. h3 Ra6 46. g4 hxg4+ 47. hxg4
f6 48. exf6 Rxf6 49. g5 Rd6 50. Rxd6 Bxd6 51. Ke4 Kg7 52. Kd5 Ba3 53. Ke6 Bf8
54. f5 gxf5 55. Nf4 Ba3 56. Kxf5 Bc1 57. Ne6+ Kg8 58. g6 Bb2 59. Ng5 Kg7 60.
Ne6+ 1/2-1/2

[Event "TCh-FRA Top 16 Basse 2023"]
[Site "Chartres FRA"]
[Date "2023.06.10"]
[Round "3.4"]
[Board "6"]
[White "Pucher, Sebastien"]
[Black "Maugenest, Ghislain"]
[Result "1-0"]
[WhiteTitle "FM"]
[WhiteElo "2313"]
[BlackElo "2212"]
[WhiteTeam "Metz Fischer"]
[BlackTeam "Cappelle La Grande"]
[WhiteFideId "627232"]
[BlackFideId "36029483"]
[EventDate "2023.06.08"]

1. b3 e5 2. Bb2 Nc6 3. c4 g6 4. e3 Bg7 5. Nf3 Nge7 6. d4 exd4 7. Nxd4 O-O 8.
Nxc6 dxc6 9. Qc1 Nf5 10. Bxg7 Nxg7 11. Be2 Ne6 12. O-O a5 13. Qc3 b6 14. Nd2 Bb7
15. Rad1 Qe7 16. g3 Nc5 17. Bf3 Rfd8 18. Qc2 f5 19. e4 f4 20. gxf4 Ne6 21. Rfe1
Nxf4 22. Nf1 Rf8 23. Re3 c5 24. Rde1 h5 25. Qc3 Qg5+ 26. Kh1 Nh3 27. Bg2 Nxf2+
28. Kg1 Rae8 29. Rg3 Qh6 30. Qe3 Kh7 31. h3 Bxe4 32. Qxh6+ Kxh6 33. Rge3 Nd3 34.
Bxe4 Nxe1 35. Rxe1 Rf4 36. Nd2 Ref8 37. Re2 g5 38. Bd5 g4 39. hxg4 hxg4 40. Kg2
Rd4 41. Kg3 a4 42. bxa4 Kg6 43. Nb3 Rd1 44. a5 bxa5 45. Nxc5 Rg1+ 46. Kh2 Rff1
47. Bg2 Re1 48. Rb2 Kh5 49. Rb8 Rd1 50. Ne4 Rge1 51. Rb5+ Kh6 52. Rxa5 Rc1 53.
Ra6+ Kh5 54. Ra5+ Kh6 55. Ra6+ Kg7 56. Ra5 Rxc4 57. Rg5+ Kf8 58. Rxg4 Ra4 59.
Rf4+ Ke7 60. Rf2 Rc1 61. Re2 Kd8 62. Kg3 c6 63. Kf4 Kc7 64. Bh3 c5 65. Be6 Kc6
66. Ke5 Rh1 67. Bd5+ Kb6 68. Kd6 Rh6+ 69. Be6 Rd4+ 70. Ke5 Rh5+ 71. Bf5 Kc6 72.
Nf6 Rh8 73. Rb2 Rb4 74. Rd2 Kb5 75. Bd7+ Ka5 76. Rc2 c4 77. Nd5 Rb7 78. Bc6 Rg7
79. Rxc4 Rh5+ 80. Kd6 Rg6+ 81. Kc5 Rxc6+ 82. Kxc6 Rh2 83. Nc3 Rh6+ 84. Kc5 Rh5+
85. Kd4 Rh4+ 86. Kd3 Rh2 87. Ra4+ Kb6 88. Kc4 Rh4+ 89. Kb3 Rh3 90. Rg4 1-0

[Event "TCh-FRA Top 16 Basse 2023"]
[Site "Chartres FRA"]
[Date "2023.06.10"]
[Round "3.4"]
[Board "7"]
[White "Jossien, Arnaud"]
[Black "Migot, Tangi"]
[Result "0-1"]
[WhiteTitle "FM"]
[BlackTitle "IM"]
[WhiteElo "2268"]
[BlackElo "2373"]
[WhiteTeam "Cappelle La Grande"]
[BlackTeam "Metz Fischer"]
[WhiteFideId "605948"]
[BlackFideId "662445"]
[EventDate "2023.06.08"]

1. e4 c5 2. Nf3 Nc6 3. Bb5 e6 4. O-O Nge7 5. c3 a6 6. Ba4 b5 7. Bc2 d5 8. d4
cxd4 9. Nxd4 Bb7 10. Nxc6 Bxc6 11. e5 Ng6 12. Qh5 Qc7 13. Re1 Bc5 14. Bg5 d4 15.
Nd2 dxc3 16. bxc3 Rc8 17. Ne4 Bxe4 18. Rxe4 h6 19. Bd2 Rd8 20. Qe2 O-O 21. Re1
f5 22. exf6 Rxf6 23. Be3 Rdf8 24. Rf1 Bxe3 25. Rxe3 Nf4 26. Qg4 Qc4 27. Bb3 Qc6
28. Rfe1 Kh8 29. Rg3 Rg6 30. Qh4 Rxg3 31. Qxg3 a5 32. h4 a4 33. Bc2 Qd5 34. Bb1
Qd2 35. Qe3 Qxe3 36. Rxe3 Rd8 37. Re1 Rd2 38. Kf1 Rb2 39. Rd1 Kg8 40. g3 Nd5 41.
Bg6 Kf8 42. Re1 Ke7 43. c4 bxc4 44. Re4 c3 45. Rc4 Rxa2 46. Be4 Rb2 47. Bxd5 c2
48. Ke1 exd5 0-1

[Event "TCh-FRA Top 16 Basse 2023"]
[Site "Chartres FRA"]
[Date "2023.06.10"]
[Round "3.4"]
[Board "8"]
[White "Schippke, Manon"]
[Black "Lam, Sophie"]
[Result "1-0"]
[WhiteTitle "WFM"]
[WhiteElo "2097"]
[BlackElo "2076"]
[WhiteTeam "Metz Fischer"]
[BlackTeam "Cappelle La Grande"]
[WhiteFideId "45100446"]
[BlackFideId "633704"]
[EventDate "2023.06.08"]

1. e4 c5 2. Nf3 Nc6 3. Bb5 Nf6 4. Nc3 g6 5. O-O Bg7 6. Re1 O-O 7. e5 Ng4 8. Bxc6
dxc6 9. h3 Nh6 10. d3 b6 11. Bf4 Nf5 12. Ne4 Nd4 13. a4 a5 14. Nfd2 Ne6 15. Bg3
Ba6 16. b3 Qc7 17. Nf3 Rad8 18. Qc1 h6 19. h4 Qd7 20. Nfd2 f5 21. exf6 exf6 22.
Nc3 Rde8 23. Nf3 Nd4 24. Nxd4 cxd4 25. Rxe8 Rxe8 26. Ne4 f5 27. Nd6 Re6 28. Nc4
c5 29. Qd2 Qe7 30. Kf1 g5 31. hxg5 hxg5 32. f3 g4 33. Re1 gxf3 34. gxf3 Bb7 35.
Rxe6 Qxe6 36. Qf4 Kh7 37. Nd6 Bc8 38. Nxc8 Qxc8 39. Qd6 Qe8 40. Bf4 b5 41. Qxc5
Qh5 42. Kg2 bxa4 43. bxa4 Bf6 44. Qxa5 Qg6+ 45. Kf2 Bh4+ 46. Kf1 Qh5 47. Qc7+
Kg6 48. Qc6+ Kf7 49. a5 Bf6 50. Qb7+ Kg6 51. Qc6 Qh4 52. Be5 Qh1+ 53. Kf2 Qh4+
54. Ke2 1-0

[Event "TCh-FRA Top 16 Basse 2023"]
[Site "Chartres FRA"]
[Date "2023.06.11"]
[Round "4.1"]
[Board "5"]
[White "Heinz, Timothee"]
[Black "Droin, Augustin"]
[Result "1/2-1/2"]
[WhiteTitle "FM"]
[BlackTitle "IM"]
[WhiteElo "2367"]
[BlackElo "2452"]
[WhiteTeam "THF - St Quentin"]
[BlackTeam "Tremblay en France"]
[WhiteFideId "623369"]
[BlackFideId "45105987"]
[EventDate "2023.06.08"]

1. d4 Nf6 2. Nf3 e6 3. c4 d5 4. Nc3 c6 5. e3 Nbd7 6. Qc2 Bd6 7. Bd3 O-O 8. O-O
dxc4 9. Bxc4 b5 10. Bd3 Bb7 11. e4 e5 12. h3 Re8 13. dxe5 Nxe5 14. Nxe5 Bxe5 15.
Be3 a6 16. Rfd1 Bxc3 17. Qxc3 Qe7 18. f3 Nd5 19. Qc5 Nxe3 20. Qxe3 c5 21. Qf4
Rad8 22. Bf1 Bc8 23. a4 c4 24. Qe3 Be6 25. axb5 axb5 26. Qb6 Rb8 27. Qd6 Qxd6
28. Rxd6 Ra8 29. Rda6 Rxa6 30. Rxa6 f5 31. Rb6 fxe4 32. Rxb5 exf3 33. gxf3 Rc8
34. Kf2 Kf7 35. Ke3 Kf6 36. h4 c3 37. Ke4 1/2-1/2

[Event "TCh-FRA Top 16 Basse 2023"]
[Site "Chartres FRA"]
[Date "2023.06.11"]
[Round "4.4"]
[Board "8"]
[White "Lam, Sophie"]
[Black "Leriche, Ines"]
[Result "1-0"]
[WhiteElo "2076"]
[BlackElo "1917"]
[WhiteTeam "Cappelle La Grande"]
[BlackTeam "Poitiers-Migne Echecs"]
[WhiteFideId "633704"]
[BlackFideId "684090"]
[EventDate "2023.06.08"]

1. e4 c6 2. d4 d5 3. f3 Qb6 4. Nc3 dxe4 5. fxe4 e5 6. dxe5 Be6 7. Nf3 Nd7 8. Nd4
O-O-O 9. Nxe6 fxe6 10. Bc4 Bc5 11. Qe2 Ne7 12. Bd2 Rhf8 13. O-O-O Rf2 14. Qg4
Rxd2 15. Rxd2 Be3 16. Rd1 Qd4 17. Bxe6 Kc7 18. Qxg7 Nxe5 19. Qxe7+ Kb8 20. Nd5
Rxd5 21. exd5 a6 22. d6 Qc5 23. Bb3 Ka7 24. Qe6 Nd3+ 25. Kb1 Bxd2 26. cxd3 1-0